00706nam a22002291 4500001000700000003000900007005001700016007000300033008004100036016001800077040002100095100002200116245008900138260004600227300004200273490002500315500002700340700004200367830002500409852002100434852002100455130111ES-MaACL20240227165502.0t|070718q1915 sp ||||0| spa d7 zIND9900848137 aM-BN bspa cCDM1 aSola, Alfonso de.13aUn estadista argentino, (Nicolás Avellaneda) / cprólogo de E. Gómez Carrillo. aMadrid : bSuc. de Rivadeneyra, c[1915?] aXVI, 335 p., 1 h. de lám ; c18 cm.1 aColección Mercurio aRetrato de Avellaneda.1 aGómez Carrillo, Enrique,d1873-19270 aColección Mercurio aES-MaACLjG-1321 aES-MaACLjD-5183